Labriegos sencillos frente a la guerra del hambre /
Αποθηκεύτηκε σε:
| Κύριος συγγραφέας: | |
|---|---|
| Μορφή: | Κείμενο |
| Ετικέτες: |
Προσθήκη ετικέτας
Δεν υπάρχουν, Καταχωρήστε ετικέτα πρώτοι!
|
MARC
| LEADER | 00000 a a2200000 04500 | ||
|---|---|---|---|
| 001 | 1332 | ||
| 003 | |||
| 040 | |||
| 100 | |a Morales G., Abelardo | ||
| 245 | |a Labriegos sencillos frente a la guerra del hambre / |c Abelardo Morales G. | ||
| 773 | |g número 30 -31; páginas 3-8 | ||
| 999 | |c 27274 |d 27274 | ||
